000 00960cad a22001935a 4500
001 E152873
008 110510s2011 xxk f 000 0 eng d
035 _a(Sirsi) u152873
041 0 _aeng
110 2 _aArchitecture and Design Scotland
_95714
245 0 0 _aVisionary planning
_ba report investigating the role of local planning authorities in the mainstreaming of sustainable house building across scotland
_h[electronic resource]
260 _a[Scotland]
_bA+DS
_c[2011]
520 _aUses the experiences of local authorities in south east Scotland to make recommendations on the delivery of sustainable homes in Scotland. Discusses changes to the planning system which could achieve this aim.
590 _aKA
651 4 _aScotland
_y1999-
690 _aENVIRONMENTAL AND LAND CONSULTANCY-PLANNING AND DEVELOPMENT
856 4 0 _uhttps://www.ads.org.uk/resources/4498-visionary-planning
_zView the report free of charge at www.ads.org.uk
942 _n0
999 _c112240
_d112240